<?xml version="1.0" encoding="UTF-8"?>
<record
    xmlns:xsi="http://www.w3.org/2001/XMLSchema-instance"
    xsi:schemaLocation="http://www.loc.gov/MARC21/slim http://www.loc.gov/standards/marcxml/schema/MARC21slim.xsd"
    xmlns="http://www.loc.gov/MARC21/slim">

  <leader>02531nam a2200349 a 4500</leader>
  <controlfield tag="001">000048898</controlfield>
  <controlfield tag="003">DO-SdBNP</controlfield>
  <controlfield tag="005">20251202111711.0</controlfield>
  <controlfield tag="007">ta</controlfield>
  <controlfield tag="008">190430s2016    dr a          000 0 spa d</controlfield>
  <datafield tag="020" ind1=" " ind2=" ">
    <subfield code="a">9789945472677</subfield>
  </datafield>
  <datafield tag="040" ind1=" " ind2=" ">
    <subfield code="a">DO-SdBNP</subfield>
    <subfield code="b">spa</subfield>
    <subfield code="c">BNPHU</subfield>
  </datafield>
  <datafield tag="082" ind1=" " ind2="4">
    <subfield code="a">972.901</subfield>
    <subfield code="b">I39i</subfield>
    <subfield code="2">22</subfield>
  </datafield>
  <datafield tag="245" ind1="0" ind2="4">
    <subfield code="a">Ind&#xED;genas e  indios en el Caribe ; presencia, legado y estudio /</subfield>
    <subfield code="c">edici&#xF3;n y compilaci&#xF3;n Jorge Ulloa Hung y Roberto Valc&#xE1;rcel Rojas ; pr&#xF3;logo Olga Portuondo Z&#xFA;&#xF1;iga.</subfield>
  </datafield>
  <datafield tag="260" ind1=" " ind2=" ">
    <subfield code="a">Santo Domingo :</subfield>
    <subfield code="b">INTEC,</subfield>
    <subfield code="c">2016.</subfield>
  </datafield>
  <datafield tag="300" ind1=" " ind2=" ">
    <subfield code="a">xv, 309 p. :</subfield>
    <subfield code="b">il. ;</subfield>
    <subfield code="c">23 cm.</subfield>
  </datafield>
  <datafield tag="490" ind1="1" ind2=" ">
    <subfield code="a">Los ind&#xED;genas m&#xE1;s all&#xE1; de Col&#xF3;n</subfield>
    <subfield code="v">1</subfield>
  </datafield>
  <datafield tag="500" ind1=" " ind2=" ">
    <subfield code="a">Incluye datos biogr&#xE1;ficos de los autores</subfield>
  </datafield>
  <datafield tag="500" ind1=" " ind2=" ">
    <subfield code="a">Incluye referencias bibliogr&#xE1;ficas y notas al pie de las p&#xE1;ginas</subfield>
  </datafield>
  <datafield tag="504" ind1=" " ind2=" ">
    <subfield code="a">Incluye referencias bibliogr&#xE1;ficas al final de los cap&#xED;tulos</subfield>
  </datafield>
  <datafield tag="505" ind1="0" ind2=" ">
    <subfield code="g">v.1. Ind&#xED;genas e indios en el Caribe, presencia, legado y estudio  --</subfield>
    <subfield code="a">Pr&#xF3;logo --</subfield>
    <subfield code="t">Prefacio --</subfield>
    <subfield code="r">Jorge Ulloa Hung ---</subfield>
    <subfield code="t">Seccio&#xF3;n I. Repensando presencias.</subfield>
    <subfield code="t">Cuba. Indios despu&#xE9;s de Col&#xF3;n /</subfield>
    <subfield code="r">Roberto Valc&#xE1;rcel Rojas --</subfield>
    <subfield code="t">Sobre nuestras indigenidades boricuas /</subfield>
    <subfield code="t">El problema del "indio" en Cuba /</subfield>
    <subfield code="r">Pedro Pablo Godo Torres --</subfield>
    <subfield code="r">Reniel Rodr&#xED;guez Ramos y Jaime R. Pag&#xE1;n Jim&#xE9;nez --</subfield>
    <subfield code="t">La contribuci&#xF3;n ind&#xED;gena a la biograf&#xED;a del paisaje cultural de la Rep&#xFA;blica Dominicana. Una revisi&#xF3;n preliminar /</subfield>
    <subfield code="r">Jana Pesoutova y Corinne L. Hofman</subfield>
    <subfield code="g">Secci&#xF3;n II. Estudios sobre presencia y legado ind&#xED;gena : una mirada cr&#xED;tica</subfield>
    <subfield code="t">El Colonialismo y las arqueolog&#xED;as del Cribe hispano /</subfield>
    <subfield code="r">L. Antonio Curet --</subfield>
    <subfield code="t">Colonialismo, indigenismo, y arqueolog&#xED;a en Rep&#xFA;blica Dominicana : silencios confusos y encumbrimientos diversos /</subfield>
    <subfield code="r">Jorge Ulloa Hung --</subfield>
    <subfield code="t">El ind&#xED;gena y el uso de las Cr&#xF3;nicas de Indias en la historiograf&#xED;a nacional de Cuba /</subfield>
    <subfield code="r">Ulises M. Gonz&#xE1;lez Herrera</subfield>
    <subfield code="g">Secci&#xF3;n III. Homenaje.</subfield>
    <subfield code="t">Una mosca arqueol&#xF3;gica o la historia de un personaje con historia /</subfield>
    <subfield code="r">Marcio Veloz Maggiolo --</subfield>
    <subfield code="t">El ind&#xED;gena y la formaci&#xF3;n de la nacionalidad cubana /</subfield>
    <subfield code="r">Mar&#xED;a Nelsa Trincado --.</subfield>
  </datafield>
  <datafield tag="590" ind1=" " ind2=" ">
    <subfield code="a">Inventariado, 2019/LP</subfield>
  </datafield>
  <datafield tag="650" ind1=" " ind2="0">
    <subfield code="a">Indios de las Antillas</subfield>
    <subfield code="9">1049</subfield>
  </datafield>
  <datafield tag="650" ind1=" " ind2="4">
    <subfield code="a">Arqueolog&#xED;a ind&#xED;gena</subfield>
    <subfield code="z">Caribe (Regi&#xF3;n) </subfield>
    <subfield code="9">16016</subfield>
  </datafield>
  <datafield tag="700" ind1="1" ind2=" ">
    <subfield code="a">Portuondo Z&#xFA;&#xF1;iga, Olga,</subfield>
    <subfield code="d">1944-</subfield>
    <subfield code="e">pr&#xF3;l</subfield>
    <subfield code="9">13095</subfield>
  </datafield>
  <datafield tag="700" ind1="1" ind2=" ">
    <subfield code="a">Ulloa Hung, Jorge,</subfield>
    <subfield code="e">ed.</subfield>
    <subfield code="9">72231</subfield>
  </datafield>
  <datafield tag="700" ind1="1" ind2=" ">
    <subfield code="a">Valc&#xE1;rcel Rojas, Roberto,</subfield>
    <subfield code="e">ed.</subfield>
    <subfield code="9">75820</subfield>
  </datafield>
  <datafield tag="710" ind1="2" ind2=" ">
    <subfield code="4">Instituto Tecnol&#xF3;gico de Santo Domingo</subfield>
  </datafield>
  <datafield tag="830" ind1=" " ind2="0">
    <subfield code="a">Los ind&#xED;genas m&#xE1;s all&#xE1; de Col&#xF3;n;</subfield>
    <subfield code="n">1</subfield>
    <subfield code="9">76336</subfield>
  </datafield>
  <datafield tag="910" ind1=" " ind2=" ">
    <subfield code="a">Validado. Control de calidad MFF</subfield>
  </datafield>
  <datafield tag="942" ind1=" " ind2=" ">
    <subfield code="2">ddc</subfield>
    <subfield code="c">LBS1</subfield>
  </datafield>
  <datafield tag="952" ind1=" " ind2=" ">
    <subfield code="0">0</subfield>
    <subfield code="1">0</subfield>
    <subfield code="2">ddc</subfield>
    <subfield code="5">6</subfield>
    <subfield code="7">0</subfield>
    <subfield code="8">DS</subfield>
    <subfield code="a">BNPHU</subfield>
    <subfield code="b">BNPHU</subfield>
    <subfield code="c">HD</subfield>
    <subfield code="d">2019-04-30</subfield>
    <subfield code="e">Dep&#xF3;sito Legal </subfield>
    <subfield code="o">BNPHU DS 972.901 I39i</subfield>
    <subfield code="p">48898-30</subfield>
    <subfield code="r">2020-06-25</subfield>
    <subfield code="t">e. 3</subfield>
    <subfield code="w">2020-06-25</subfield>
    <subfield code="y">LBS1</subfield>
  </datafield>
  <datafield tag="952" ind1=" " ind2=" ">
    <subfield code="0">0</subfield>
    <subfield code="1">0</subfield>
    <subfield code="2">ddc</subfield>
    <subfield code="5">1</subfield>
    <subfield code="7">0</subfield>
    <subfield code="8">PD</subfield>
    <subfield code="a">BNPHU</subfield>
    <subfield code="b">BNPHU</subfield>
    <subfield code="c">HD</subfield>
    <subfield code="d">2019-04-30</subfield>
    <subfield code="e">Dep&#xF3;sito Legal </subfield>
    <subfield code="o">BNPHU PD 972.901 I39i</subfield>
    <subfield code="p">48898-10</subfield>
    <subfield code="r">2020-06-25</subfield>
    <subfield code="w">2020-06-25</subfield>
    <subfield code="y">LBS1</subfield>
  </datafield>
  <datafield tag="952" ind1=" " ind2=" ">
    <subfield code="0">0</subfield>
    <subfield code="1">0</subfield>
    <subfield code="2">ddc</subfield>
    <subfield code="5">1</subfield>
    <subfield code="7">0</subfield>
    <subfield code="8">PD</subfield>
    <subfield code="a">BNPHU</subfield>
    <subfield code="b">BNPHU</subfield>
    <subfield code="c">HD</subfield>
    <subfield code="d">2019-04-30</subfield>
    <subfield code="e">Dep&#xF3;sito Legal </subfield>
    <subfield code="o">BNPHU PD 972.901 I39i </subfield>
    <subfield code="p">48898-20</subfield>
    <subfield code="r">2020-06-25</subfield>
    <subfield code="t">e. 2</subfield>
    <subfield code="w">2020-06-25</subfield>
    <subfield code="y">LBS1</subfield>
  </datafield>
  <datafield tag="999" ind1=" " ind2=" ">
    <subfield code="c">48386</subfield>
    <subfield code="d">48386</subfield>
  </datafield>
</record>
